000 00628nam a2200241Ia 4500
003 OSt
005 20221006155256.0
006 a|||||r|||| 00| 0
007 ta
008 221006b |||||||| |||| 00| 0 eng d
024 _a41,377
037 _cSeries Articles
040 _aEASL
_cEASL
_beng
041 _2eng
_aeng
100 _aWeidong Chen
_9668804
245 0 _aRepot on a research experiment on the indepenent
260 _aBeijing
_bRoutledge China
_c2013
300 _a48-67
_ccm.
490 _v34
650 _aSocial Science
942 _cREF
_2CC
999 _c1109463
_d1109463